Dearest Mama Talbot : a selection of letters written by John Ruskin to Mrs. Fanny Talbot /

Bibliographic Details
Main Author: Ruskin, John, 1819-1900
Other Authors: Talbot, Fanny, Spence, Margaret E.
Format: Book
Language:English
Published: London : Allen & Unwin, [1966]

MARC

Tag First Indicator Second Indicator Subfields
LEADER 00000cam a2200000 4500
001 in00000022495
005 20151007064022.0
008 741118s1966 enka 00010 eng u
010 |a  66073985  
035 |a (OCoLC)01077990 
035 |9 AAD8849AM 
040 |c DAY  |d TXA  |d UtOrBLW 
049 |a TXAM  |c [467919] 
050 0 |a PR5263  |b .A373 
082 1 |a 826.8 
092 |a 826  |b R956d 
100 1 |a Ruskin, John,  |d 1819-1900. 
245 1 0 |a Dearest Mama Talbot :  |b a selection of letters written by John Ruskin to Mrs. Fanny Talbot /  |c edited by Margaret Spence, foreword by Oliver Edwards. 
264 1 |a London :  |b Allen & Unwin,  |c [1966] 
300 |a 167 pages :  |b illustrations, diagram ;  |c 23 cm. 
336 |a text  |b txt  |2 rdacontent 
337 |a unmediated  |b n  |2 rdamedia 
338 |a volume  |b nc  |2 rdacarrier 
500 |a Includes letters written by Joan and Arthur Severn to Dr. and Mrs. John Simon. 
700 1 |a Talbot, Fanny. 
700 1 |a Spence, Margaret E. 
999 |a MARS 
999 f f |s 53bb7630-4474-3424-afcf-4ecf8e125e32  |i 0b3f41c4-0ac1-34a9-be7f-85f98344d45b  |t 0 
952 f f |p ric  |a Texas A&M University  |b Rellis Campus  |c Joint Library Facility  |d Remote Storage  |t 0  |e PR5263 .A373  |h Library of Congress classification  |i unmediated -- volume  |m A14801341901 
998 f f |a PR5263 .A373  |t 0  |l Remote Storage